01246nam a2200301Ia 4500001001200000003000800012006001900020007001500039008004100054040002100095035002100116050002300137100001800160245014100178260008000319300002000399490003500419500001700454533015200471650002400623650001900647655002900666700001900695710005100714710001700765830003600782856012600818ebr10380805CaPaEBRm u cr cn|||||||||070313s2006 dcud s i000 0 eng d aCaPaEBRcCaPaEBR a(OCoLC)69414107614aHG229b.S55 2006eb1 aSilver, M. S.14aThe difference between hedonic imputation indexes and time dummy hedonic indexesh[electronic resource] /cMick Silver and Saeed Heravi. a[Washington, D.C.] :bInternational Monetary Fund, Statistics Dept.,c2006. a18 p. :bgraph.1 aIMF working paper ;vWP/06/181 a"July 2006". aElectronic reproduction.bPalo Alto, Calif. :cebrary,d2011.nAvailable via World Wide Web.nAccess may be limited to ebrary affiliated libraries. 0aInflation (Finance) 0aPrice indexes. 7aElectronic books.2local1 aHeravi, Saeed.2 aInternational Monetary Fund.bStatistics Dept.2 aebrary, Inc. 0aIMF working paper ;vWP/06/181.40uhttp://site.ebrary.com/lib/rucke/Doc?id=10380805zAn electronic book accessible through the World Wide Web; click to view